| 000 | 00448nam a22001457a 4500 | ||
|---|---|---|---|
| 008 | 230801b |||||||| |||| 00| 0 eng d | ||
| 020 | _a978-81-265-7980-8 | ||
| 082 | _a658.403 | ||
| 100 | _aE. Turban, Linda Volonino, Gregory R. Wood | ||
| 245 |
_aInformation technology for management : _badvancing sustainable, profitable business growth |
||
| 250 | _a2nd Edition | ||
| 260 |
_aNew Delhi _bWiley, _c2019 |
||
| 300 |
_a365 p, _c28cm |
||
| 942 | _2ddc | ||
| 999 |
_c9636 _d9637 |
||